[Event "TIPC 2008 Open"]
[Site "Charleroi"]
[Date "2008.07.31"]
[Round "7.3"]
[White "Laurent, Bruno"]
[Black "Wiley, Tom"]
[Result "1/2-1/2"]
[WhiteElo "2339"]
[BlackElo "2299"]
[PlyCount "156"]
[EventDate "2008.07.26"]
[SourceDate "2008.07.26"]

1. e4 e6 2. d4 d5 3. Nc3 Bb4 4. exd5 exd5 5. Bd3 c6 6. Nge2 Ne7 7. Ng3 O-O 8.
O-O Bd6 9. Nce2 b6 10. b3 a5 11. c4 Ba6 12. Qc2 g6 13. h4 Nd7 14. h5 Kg7 15.
Bg5 Qb8 16. Rae1 Ng8 17. Qc1 b5 18. c5 Bc7 19. Bf4 b4 20. Bxc7 Qxc7 21. Bxa6
Rxa6 22. Qg5 Qd8 23. Nf5+ Kh8 24. Qxd8 Rxd8 25. Nd6 Kg7 26. Nf4 Ndf6 27. hxg6
hxg6 28. Re3 Ne4 29. Nxe4 dxe4 30. Rxe4 Nf6 31. Re7 Kf8 32. Rfe1 Rxd4 33. g3
Rd7 34. Rxd7 Nxd7 35. Nd3 Ra7 36. Kg2 Nf6 37. Ne5 Re7 38. Kf1 Rc7 39. Rd1 Ne4
40. Rd8+ Ke7 41. Ra8 Nxc5 42. Rxa5 Ne6 43. Ke2 c5 44. Kd3 Kd6 45. f4 g5 46.
Nc4+ Ke7 47. f5 Nd4 48. Ne3 Kd6 49. Nc4+ Kd5 50. Ra6 Nc6 51. Ke3 Re7+ 52. Kf3
Re1 53. Kg4 f6 54. Kh5 Rh1+ 55. Kg4 Rh2 56. Ra8 Ne5+ 57. Nxe5 Kxe5 58. Ra6 Rh6
59. a3 bxa3 60. Rxa3 Kd4 61. Ra4+ Kd5 62. Ra6 Ke5 63. b4 cxb4 64. Rb6 Kd5 65.
Rxb4 Ke5 66. Rb1 Rh2 67. Re1+ Kd5 68. Re6 Rh6 69. Re8 Kd4 70. Rg8 Ke5 71. Re8+
Kd5 72. Re7 Rh2 73. Ra7 Rh6 74. Ra5+ Ke4 75. Rb5 Rh2 76. Rb1 Rh6 77. Re1+ Kd5
78. Kf3 Kd4 1/2-1/2

[Event "TIPC 2008 Open"]
[Site "Charleroi"]
[Date "2008.07.31"]
[Round "7.4"]
[White "Lafosse, Jimmy"]
[Black "Sumets, Andrey"]
[Result "0-1"]
[WhiteElo "2014"]
[BlackElo "2534"]
[PlyCount "56"]
[EventDate "2008.07.26"]
[SourceDate "2008.07.26"]

1. e4 e6 2. d4 d5 3. Nc3 Nf6 4. Bg5 dxe4 5. Nxe4 Nbd7 6. Nf3 h6 7. Nxf6+ Nxf6
8. Bh4 c5 9. dxc5 Bxc5 10. Qxd8+ Kxd8 11. Rd1+ Ke7 12. Bc4 g5 13. Bg3 Ne4 14.
O-O Nxg3 15. hxg3 g4 16. Ne5 h5 17. c3 Bb6 18. Bb5 h4 19. Rd3 Rh5 20. Re1 Bc7
21. Rde3 hxg3 22. Bd3 gxf2+ 23. Kxf2 Bb6 24. Nc4 Bxe3+ 25. Nxe3 Rg5 26. Kg3 Bd7
27. Kf4 Ra5 28. Rh1 Rxa2 0-1

[Event "TIPC 2008 Open"]
[Site "Charleroi"]
[Date "2008.07.31"]
[Round "7.5"]
[White "Remy, Joël"]
[Black "Van Mechelen, Jan"]
[Result "1/2-1/2"]
[WhiteElo "2098"]
[BlackElo "2269"]
[PlyCount "55"]
[EventDate "2008.07.26"]
[SourceDate "2008.07.26"]

1. d4 e6 2. Nf3 Nf6 3. Bg5 c5 4. e3 Be7 5. Nbd2 d5 6. c3 Nbd7 7. Bd3 b6 8. O-O
Bb7 9. Ne5 Nxe5 10. dxe5 Nd7 11. Bxe7 Qxe7 12. f4 O-O 13. Qh5 f5 14. Rf2 Kh8
15. Nf3 g6 16. Qg5 Rae8 17. Bb5 a6 18. Qxe7 Rxe7 19. Bxd7 Rxd7 20. Ng5 Re8 21.
Rd1 h6 22. Nf3 a5 23. b3 Bc6 24. a3 Ra8 25. Rfd2 Rg7 26. h4 Bb5 27. Kf2 Rc8 28.
Rb1 1/2-1/2

[Event "TIPC 2008 Open"]
[Site "Charleroi"]
[Date "2008.07.31"]
[Round "7.6"]
[White "Sarrau, Jelle"]
[Black "Russo, Bruno"]
[Result "1-0"]
[WhiteElo "2203"]
[BlackElo "1984"]
[PlyCount "49"]
[EventDate "2008.07.26"]
[SourceDate "2008.07.26"]

1. e4 c5 2. Nc3 g6 3. g3 Bg7 4. Bg2 Nc6 5. d3 e6 6. Be3 Nd4 7. Nce2 Ne7 8. c3
Nxe2 9. Nxe2 b6 10. d4 cxd4 11. Bxd4 O-O 12. Bxg7 Kxg7 13. Qd6 Bb7 14. Rd1 Bc6
15. Nd4 Qe8 16. O-O Rd8 17. f4 Ba8 18. f5 exf5 19. exf5 f6 20. Rfe1 Rf7 21.
Ne6+ dxe6 22. Qxd8 Qxd8 23. Rxd8 Bxg2 24. fxe6 Rf8 25. Rd7 1-0

[Event "TIPC 2008 Open"]
[Site "Charleroi"]
[Date "2008.07.31"]
[Round "7.7"]
[White "Debilloez, Yves"]
[Black "Sclacmender, Julien"]
[Result "0-1"]
[WhiteElo "1990"]
[BlackElo "2194"]
[PlyCount "62"]
[EventDate "2008.07.26"]
[SourceDate "2008.07.26"]

1. d4 Nf6 2. c4 g6 3. Nc3 d5 4. Nf3 Bg7 5. cxd5 Nxd5 6. Qb3 Nb6 7. Bf4 O-O 8.
Rd1 a5 9. e4 Na6 10. Be2 Bg4 11. O-O Bxf3 12. Bxf3 Qd7 13. d5 a4 14. Qc2 Nb4
15. Qb1 Rfc8 16. a3 Na6 17. e5 Nc5 18. Ne4 Nb3 19. Qc2 Qf5 20. Nf6+ exf6 21.
Qxf5 gxf5 22. e6 Bf8 23. exf7+ Kxf7 24. d6 Bxd6 25. Bxd6 cxd6 26. Bxb7 d5 27.
f3 Rab8 28. Bxc8 Rxc8 29. Rf2 d4 30. Rfd2 Nd5 31. Rd3 Nf4 0-1

[Event "TIPC 2008 Open"]
[Site "Charleroi"]
[Date "2008.07.31"]
[Round "7.9"]
[White "Noiroux, Kevin"]
[Black "Santino, Vivone"]
[Result "1-0"]
[WhiteElo "2140"]
[BlackElo "1983"]
[PlyCount "33"]
[EventDate "2008.07.26"]
[SourceDate "2008.07.26"]

1. d4 Nf6 2. c4 e6 3. Nc3 d5 4. cxd5 exd5 5. Bg5 Be7 6. e3 O-O 7. Bd3 b6 8.
Bxf6 Bxf6 9. Qh5 g6 10. Qxd5 c6 11. Qf3 Bb7 12. Nge2 Nd7 13. Rd1 Bg7 14. O-O f5
15. Nf4 Qe7 16. Bc4+ Kh8 17. Nxg6+ 1-0

[Event "TIPC 2008 Open"]
[Site "Charleroi"]
[Date "2008.07.31"]
[Round "7.10"]
[White "Van De Perre, Tom"]
[Black "Dessomme, François"]
[Result "0-1"]
[WhiteElo "2128"]
[BlackElo "1974"]
[PlyCount "112"]
[EventDate "2008.07.26"]
[SourceDate "2008.07.26"]

1. e4 e6 2. Qe2 b6 3. Nf3 Bb7 4. g3 Nc6 5. Bg2 Be7 6. c3 Nf6 7. e5 Ng4 8. d4 d5
9. h3 Nh6 10. Bxh6 gxh6 11. h4 Qd7 12. Qe3 Bf8 13. Nh2 Rg8 14. Bf3 O-O-O 15.
Ng4 Bg7 16. Nxh6 Rgf8 17. Nd2 f5 18. exf6 Rxf6 19. Ng4 Rxf3 20. Qxf3 e5 21. O-O
Rf8 22. Qd1 exd4 23. cxd4 Nxd4 24. Nh2 Bh6 25. Nb3 Nxb3 26. axb3 Kb8 27. Qg4
Qf7 28. b4 Bg7 29. b5 Bxb2 30. Ra2 Bc3 31. Rc1 d4 32. Re2 d3 33. Rxc3 dxe2 34.
Qxe2 Qd5 35. f3 Qd4+ 36. Re3 Re8 37. Nf1 Bc8 38. Kg2 Rxe3 39. Nxe3 Bd7 40. g4
Qe5 41. g5 Bxb5 42. Qd2 Qf4 43. Qd8+ Kb7 44. Nd5 Qd2+ 45. Kg3 Qc1 46. h5 Qg1+
47. Kf4 Qd4+ 48. Kf5 Bd3+ 49. Ke6 Qc4 50. Kf6 a5 51. Ne7 Qf4+ 52. Ke6 Qe3+ 53.
Kf6 Qf4+ 54. Ke6 Bc4+ 55. Kd7 Qd6+ 56. Ke8 Bb5+ 0-1

[Event "TIPC 2008 Open"]
[Site "Charleroi"]
[Date "2008.07.31"]
[Round "7.11"]
[White "Bikady, Claude"]
[Black "Geboers, Jimmy"]
[Result "1/2-1/2"]
[WhiteElo "2089"]
[BlackElo "1983"]
[PlyCount "68"]
[EventDate "2008.07.26"]
[SourceDate "2008.07.26"]

1. e4 d5 2. exd5 Qxd5 3. Nc3 Qa5 4. d4 c6 5. Nf3 Bf5 6. Bc4 e6 7. Ne5 Nf6 8. g4
Bg6 9. h4 Be4 10. f3 Bd5 11. Bd3 Nbd7 12. Nc4 Bxc4 13. Bxc4 Nb6 14. Bd3 Nfd5
15. Bd2 Bb4 16. Nxd5 Bxd2+ 17. Qxd2 Qxd2+ 18. Kxd2 Nxd5 19. c3 O-O-O 20. Rad1
h5 21. g5 g6 22. Rh2 Rd7 23. Be4 e5 24. Bxd5 Rxd5 25. Kc2 exd4 26. Rxd4 Rxd4
27. cxd4 Re8 28. Kd3 Kd7 29. Re2 Rxe2 30. Kxe2 Ke6 31. f4 Kf5 32. Kf3 a6 33. b4
b5 34. a3 f6 1/2-1/2

[Event "TIPC 2008 Open"]
[Site "Charleroi"]
[Date "2008.07.31"]
[Round "7.12"]
[White "Delange, Olivier"]
[Black "Van De Wynkele, Eric"]
[Result "1-0"]
[WhiteElo "1693"]
[BlackElo "2071"]
[PlyCount "62"]
[EventDate "2008.07.26"]
[SourceDate "2008.07.26"]

1. d4 f5 2. Nf3 Nf6 3. g3 d6 4. Bg2 c6 5. c4 g6 6. Nc3 Bg7 7. Bf4 Nbd7 8. Qc1
h6 9. h4 Ng4 10. d5 Qb6 11. O-O Nde5 12. Bxe5 dxe5 13. e3 Bd7 14. Nh2 Nf6 15.
Nf3 Nh5 16. Rd1 e6 17. Qc2 O-O 18. Na4 Qa5 19. b4 Qxb4 20. Rab1 Qe7 21. d6 Qe8
22. Rxb7 e4 23. Nd4 Be5 24. Nc5 Nf6 25. Nxd7 Bxd4 26. Nxf8 Bb6 27. Nxe6 Qxe6
28. Re7 Qc8 29. Qc3 Qf8 30. c5 Bd8 31. Qc4+ Nd5 1-0

[Event "TIPC 2008 Open"]
[Site "Charleroi"]
[Date "2008.08.02"]
[Round "9.5"]
[White "Lafosse, Jimmy"]
[Black "Saiboutalov, Daniyal"]
[Result "1/2-1/2"]
[WhiteElo "2014"]
[BlackElo "2371"]
[PlyCount "39"]
[EventDate "2008.07.26"]
[SourceDate "2008.07.26"]

1. e4 e6 2. d3 d5 3. Nd2 Nf6 4. Ngf3 b6 5. c3 c5 6. g3 dxe4 7. dxe4 Nc6 8. Bg2
Qc7 9. Qa4 a6 10. Qc2 a5 11. O-O Ba6 12. Re1 Rd8 13. Bf1 Bxf1 14. Nxf1 Be7 15.
a4 O-O 16. Bf4 e5 17. Bd2 Rd7 18. Ne3 Rfd8 19. Rad1 Bf8 20. Bc1 1/2-1/2

[Event "TIPC 2008 Open"]
[Site "Charleroi"]
[Date "2008.08.02"]
[Round "9.6"]
[White "Debilloez, Yves"]
[Black "Van Mechelen, Jan"]
[Result "0-1"]
[WhiteElo "1990"]
[BlackElo "2269"]
[PlyCount "86"]
[EventDate "2008.07.26"]
[SourceDate "2008.07.26"]

1. d4 Nf6 2. c4 g6 3. Nc3 Bg7 4. e4 d6 5. f4 O-O 6. Be2 c5 7. d5 e6 8. Nf3 exd5
9. cxd5 Bg4 10. O-O Nbd7 11. a4 Bxf3 12. Bxf3 Re8 13. Ra3 Rc8 14. g4 h6 15. h4
c4 16. g5 hxg5 17. hxg5 Nh7 18. Re1 Nc5 19. Be3 Nd3 20. Re2 Nf8 21. Qd2 Nd7 22.
Bg4 a6 23. b4 Rc7 24. Kg2 Nxb4 25. Nb5 axb5 26. Qxb4 Nc5 27. Bxc5 Rxc5 28. axb5
c3 29. Rc2 Qb6 30. Ra5 Rc7 31. Ra4 Qe3 32. Qxd6 Qd3 33. Raa2 Rc4 34. e5 Rxf4
35. Qd7 Qe4+ 36. Kh3 Qd3+ 37. Kg2 Rxe5 38. Qc8+ Kh7 39. Rxc3 Qxd5+ 40. Kg3 Qxa2
41. Kxf4 Qf2+ 42. Rf3 Re4+ 43. Kxe4 Qd4# 0-1

[Event "TIPC 2008 Open"]
[Site "Charleroi"]
[Date "2008.08.02"]
[Round "9.7"]
[White "Dumont, André"]
[Black "Dal Borgo, Albin"]
[Result "1/2-1/2"]
[WhiteElo "2145"]
[BlackElo "2219"]
[PlyCount "56"]
[EventDate "2008.07.26"]
[SourceDate "2008.07.26"]

1. d4 Nf6 2. Nf3 e6 3. e3 b6 4. Be2 Bb7 5. Nbd2 c5 6. O-O Be7 7. Ne5 d6 8. Bf3
Qc7 9. Bxb7 Qxb7 10. Qf3 Qxf3 11. Nexf3 Nc6 12. b3 cxd4 13. Nxd4 Nxd4 14. exd4
Rc8 15. c4 d5 16. cxd5 Nxd5 17. Nf3 O-O 18. Bd2 Rc2 19. Rfc1 Rfc8 20. Kf1 Kf8
21. Ne1 Rxc1 22. Rxc1 Rxc1 23. Bxc1 Nb4 24. a3 Nc6 25. Nc2 Bf6 26. Be3 Ke7 27.
Ke2 Kd6 28. Kd3 b5 1/2-1/2

[Event "TIPC 2008 Open"]
[Site "Charleroi"]
[Date "2008.08.02"]
[Round "9.8"]
[White "Sarrau, Jelle"]
[Black "Sclacmender, Julien"]
[Result "1/2-1/2"]
[WhiteElo "2203"]
[BlackElo "2194"]
[PlyCount "57"]
[EventDate "2008.07.26"]
[SourceDate "2008.07.26"]

1. e4 d5 2. exd5 Nf6 3. Bb5+ Bd7 4. Be2 Nxd5 5. d4 e6 6. Nf3 Be7 7. O-O O-O 8.
c4 Nf6 9. Nc3 c5 10. dxc5 Bxc5 11. Bg5 Be7 12. Qc2 Bc6 13. Rab1 b6 14. Ne5 Bb7
15. Bf3 Bxf3 16. Nxf3 Qc8 17. Qe2 Nc6 18. Rbd1 h6 19. Bh4 Qb7 20. Rd2 Rfd8 21.
Rfd1 Rxd2 22. Rxd2 Rd8 23. Qd1 Rxd2 24. Qxd2 Qd7 25. Qxd7 Nxd7 26. Bxe7 Nxe7
27. Kf1 Nc6 28. Ke2 Kf8 29. b3 1/2-1/2

[Event "TIPC 2008 Open"]
[Site "Charleroi"]
[Date "2008.08.02"]
[Round "9.9"]
[White "Noiroux, Kevin"]
[Black "Russo, Bruno"]
[Result "1-0"]
[WhiteElo "2140"]
[BlackElo "1984"]
[PlyCount "115"]
[EventDate "2008.07.26"]
[SourceDate "2008.07.26"]

1. d4 Nf6 2. c4 g6 3. Nc3 Bg7 4. e4 d6 5. Be2 O-O 6. f4 c5 7. Nf3 cxd4 8. Nxd4
Nc6 9. Be3 Bd7 10. O-O Rc8 11. Kh1 a6 12. Rc1 Nxd4 13. Bxd4 Bc6 14. Bf3 Qa5 15.
Nd5 Nxd5 16. Bxg7 Kxg7 17. exd5 Bd7 18. Re1 Rfe8 19. Re3 b5 20. Qd4+ Kg8 21.
Ra3 Rxc4 22. Rxc4 Qe1+ 23. Qg1 Qxg1+ 24. Kxg1 bxc4 25. Rxa6 Rb8 26. Be2 Bb5 27.
Ra7 c3 28. Bxb5 cxb2 29. Bd3 b1=Q+ 30. Bxb1 Rxb1+ 31. Kf2 Rb5 32. Rxe7 Rxd5 33.
Kf3 Ra5 34. Re2 h5 35. g3 Kg7 36. Ke4 Kf6 37. Kd4 Kf5 38. Kc4 h4 39. Kb4 Ra7
40. a4 hxg3 41. hxg3 Kg4 42. Re3 Rb7+ 43. Kc4 Rb1 44. Ra3 Kf5 45. a5 Ke4 46. a6
d5+ 47. Kc5 Rc1+ 48. Kb6 d4 49. a7 Rc8 50. a8=Q+ Rxa8 51. Rxa8 d3 52. Rd8 Ke3
53. Kc5 d2 54. Rd5 f6 55. Kd6 g5 56. fxg5 fxg5 57. Ke5 Kf3 58. Kf5 1-0

[Event "TIPC 2008 Open"]
[Site "Charleroi"]
[Date "2008.08.02"]
[Round "9.10"]
[White "Audin, Thierry"]
[Black "Uhoda, Philippe"]
[Result "0-1"]
[WhiteElo "2003"]
[BlackElo "2134"]
[PlyCount "32"]
[EventDate "2008.07.26"]
[SourceDate "2008.07.26"]

1. d4 Nf6 2. Nc3 d5 3. Bg5 Nbd7 4. f3 c6 5. Qd3 h6 6. Bh4 e5 7. dxe5 Nxe5 8.
Qd4 Ned7 9. e4 Bc5 10. Qd2 Nxe4 11. fxe4 Qxh4+ 12. g3 Qe7 13. O-O-O O-O 14. Bg2
Nf6 15. Re1 d4 16. Na4 Bb4 0-1

[Event "TIPC 2008 Open"]
[Site "Charleroi"]
[Date "2008.08.02"]
[Round "9.37"]
[White "Chung Chong Lon, Marc"]
[Black "Tavernier, Frank"]
[Result "1-0"]
[WhiteElo "1737"]
[BlackElo "1528"]
[PlyCount "21"]
[EventDate "2008.07.26"]
[SourceDate "2008.07.26"]

1. e4 e5 2. Nc3 Nf6 3. f4 d5 4. fxe5 Nxe4 5. d3 Qh4+ 6. g3 Nxg3 7. Nf3 Qh5 8.
Nxd5 Na6 9. Nf4 Qg4 10. Rg1 Be7 11. Bh3 1-0

[Event "TIPC 2008 Open"]
[Site "Charleroi"]
[Date "2008.08.02"]
[Round "9.40"]
[White "Decrop, Benjamin"]
[Black "Machiroux, Bruno"]
[Result "1-0"]
[WhiteElo "1520"]
[BlackElo "1667"]
[PlyCount "25"]
[EventDate "2008.07.26"]
[SourceDate "2008.07.26"]

1. e4 d5 2. exd5 Qxd5 3. Nc3 Qa5 4. Bc4 Nf6 5. d3 Bg4 6. Nge2 Nbd7 7. Bd2 Qb6
8. Be3 Qc6 9. O-O e6 10. h3 Bh5 11. Qd2 O-O-O 12. Nd4 Qd6 13. Ndb5 1-0

[Event "TIPC 2008 Open"]
[Site "Charleroi"]
[Date "2008.08.02"]
[Round "9.47"]
[White "Vanhorick, Ludovic"]
[Black "Lafosse, Marcel"]
[Result "1/2-1/2"]
[WhiteElo "1254"]
[BlackElo "1506"]
[PlyCount "43"]
[EventDate "2008.07.26"]
[SourceDate "2008.07.26"]

1. e4 c5 2. Nf3 Nc6 3. d4 cxd4 4. Nxd4 Nf6 5. Nc3 e5 6. Nf3 Bb4 7. Bd2 Bxc3 8.
Bxc3 Nxe4 9. Bxe5 Nf6 10. Bc4 O-O 11. O-O Re8 12. Re1 Nxe5 13. Rxe5 Rxe5 14.
Nxe5 d5 15. Bd3 Be6 16. Qe2 Qb6 17. b3 Re8 18. Qd2 Qd4 19. Re1 Bf5 20. Nf3
Rxe1+ 21. Nxe1 Bxd3 22. cxd3 1/2-1/2